Gaming Quiz

Random Gaming or Video Games Quiz

Gaming Odd One Out Quiz Stats

Quiz Updated Apr 7, 2015

Challenge
Share
Tweet
Embed
Score 0/12 Timer 05:00
1 Play Today
Category Answer % Correct
UNO Special Cards???
83.8%
Clue(do) Rooms???
80.2%
Has a Board???
77.9%
Generation I Pokémon???
68.4%
Operation Body Parts???
59.2%
Contains Cards???
56.8%
RPGs???
52.5%
Minecraft Items???
51.1%
Risk Territories???
38.9%
Stratego Ranks???
33.7%
Atari, Inc. Arcade Games???
31.9%
Scrabble Tiles Worth 4 Points???
29.4%

You're not logged in!

Compare scores with friends on all Sporcle quizzes.
Join for Free
OR
Log In

You Might Also Like...

Show Comments

Extras

Top Quizzes Today


Score Distribution

Your Account Isn't Verified!

In order to create a playlist on Sporcle, you need to verify the email address you used during registration. Go to your Sporcle Settings to finish the process.

Report this User

Report this user for behavior that violates our Community Guidelines.

Details: